000 00563nam a2200181 a 4500
005 20140310183343.0
008 070110s19uu xx 00 eng d
020 _a1593370563
050 _aBF 121
_b.W32 2004
100 _aWarwick, Lynda L.
245 _aThe everything Psyshology book :
_bexplore the human psyche and understand why we do things we do /
_cWarwick.
260 _aAvon, Massachusetts :
_bAdams Media,
_c2004.
300 _a289 p. :
_bill. col. ;
_c23 cm.
521 _aPSYCH
650 _aPsychology.
942 _cBK
_2lcc
_kFOR
999 _c21882
_d21882